MARC

LEADER 00000nam0a2200000 4500
001 224956
005 20231101230629.0
035 |a (RuTPU)RU\TPU\book\245281 
090 |a 224956 
100 |a 20121101d1948 km y0rusy50 ca 
101 0 |a rus 
102 |a RU 
105 |a a z 001zy 
200 1 |a Основы расчета вакуумных систем  |f Г. А. Тягунов 
210 |a Москва  |a Ленинград  |c Госэнергоиздат  |d 1948 
215 |a 148 с.  |c ил. 
320 |a Библиогр.: с. 123-124. 
606 1 |a Вакуумные системы  |x Расчет  |2 stltpush  |3 (RuTPU)RU\TPU\subj\1974  |9 30619 
610 1 |a трубопроводы 
610 1 |a течение 
610 1 |a режимы 
610 1 |a пропускная способность 
610 1 |a квазистационарный режим 
610 1 |a газовыделение 
610 1 |a газы 
675 |a 621.52.001  |v 3 
700 1 |a Тягунов  |b Г. А. 
801 1 |a RU  |b 63413507  |c 20121101 
801 2 |a RU  |b 63413507  |c 20141001  |g RCR 
942 |c BK